000 01061nam a2200241 a 4500
001 41172
003 BD-RjUL
005 20211209053337.0
008 160516s1991 bg ||||| |||| 00| 0 ben d
020 _c: TK 500.00
035 _a(BD-RjUL)41288
040 _aBD-RjUL
_bben
_cBD-RjUL
041 _aben
082 _223
_a891.44092
_bBAN 1991
245 0 0 _aবাংলাদেশের সাহিত্যিক পরিচিতি /
_cসংকলক মুহম্মদ আবদুল জলিল, সম্পাদক সেলিম জাহাঙ্গীর
260 _aঢাকা :
_bশঙখচিল,
_c১৯৯১
300 _a[১৬], ৩৩৬ পৃ. ;
_c২১ সেমি.
650 _aসাহিত্যিক বাংলা
_xজীবনী
_9126648
650 _aAuthors Bengali
_xBiography
_9126649
700 _aজলিল, মুহম্মদ আবদুল, সংকলক
_9126650
700 _aজাহাঙ্গীর, সেলিম, সম্পাদক
_9126651
942 _2ddc
_cBK
999 _c41172
_d41172